=LDR 00000nam 2200000 4500 =001 INLIS000000000021240 =005 20130612120120 =008 ***********************************Ind** =035 ##$$0010-061300000021240 =041 ##$$a Ind =082 ##$$a 028.5 =090 ##$$a 028.5, Yud a =100 ##$$a Yudistira, Emha =245 ##$$a Akibat sifat yang serakah, Emha Yudistira =300 ##$$a 16 hlm, ilus, 17 cm =850 ##$$a NBPNMAT